000 01207nam0a22002651 4500
001 rc\83107
005 20250620173638.0
010 _a5-85841-035-9
_bАкционер. компания "Урал. лес"
_93000
035 _a(NLR Aleph) 005352103
090 _a6808134
_c6808134
100 _a20021216d1994 |||y0rusy50 ca
101 0 _arus
102 _aRU
105 _ay |||||||||
200 1 _aМетодические указания к учебнику "Русский язык" для 7(6) класса якутской школы
_eПособие для учителя
_fМ-во образования Респ. Саха (Якутия)
210 _aЯкутск
_cМ-во образования Респ. Саха (Якутия)
_aЕкатеринбург
_cАкционер. компания "Урал. лес"
_cПКФ "Сунгирь"
_d1994
215 _a92, [3] с.
_d20
320 _aБиблиогр.: с. 94 (10 назв.)
700 1 _aПетрова
_bТ.И.
_gТамара Ивановна
701 1 _aКириллина
_bС.В.
_gСветлана Васильевна
801 0 _aRU
_bNLR
_gpsbo
801 1 _aRU
_bELAR
_2rusmarc
852 _aNLR
_j94-4/1743
942 _cBOOK
980 _aNB